[Event "15. Torneo Aficionados Benidorm s-2000"]
[Site "Benidorm ESP"]
[Date "2016.12.06"]
[Round "6.6"]
[White "Altun, Arda"]
[Black "Fernandez Lopez, Alejandro I"]
[Result "1-0"]
[WhiteElo "1800"]
[BlackElo "1934"]
[PlyCount "81"]
[EventDate "2016.12.02"]
[EventType "swiss"]
[EventRounds "10"]
[EventCountry "ESP"]
[SourceTitle "Ajedrez en Madrid"]
[Source "lmi"]
[SourceDate "2016.12.02"]

1. e4 e6 2. d4 d5 3. Nd2 a6 4. Ngf3 c5 5. exd5 exd5 6. Be2 Nc6 7. O-O Nf6 8.
Re1 Be7 9. dxc5 O-O 10. Nb3 Bf5 11. Be3 Qc7 12. c3 Rad8 13. Nbd4 Be4 14. Nxc6
bxc6 15. h3 Nd7 16. b4 a5 17. a3 h6 18. Qd2 g5 19. Bd4 axb4 20. cxb4 Ra8 21.
Qc3 Qf4 22. Ne5 Nxe5 23. Bxe5 Qf5 24. f3 f6 25. Bd4 Bc2 26. Rac1 Ba4 27. Bd3
Qd7 28. Re3 Bd8 29. Rce1 Qc7 30. Bb1 Qf4 31. Qd3 f5 32. Be5 Qh4 33. Bd6 Bb5 34.
Qc2 Rf7 35. Re8+ Kg7 36. Be5+ Kg6 37. Rg8+ Kh7 38. Rg7+ Rxg7 39. Qxf5+ Kg8 40.
Qe6+ Rf7 41. Qe8+ 1-0

[Event "15. Torneo Aficionados Benidorm s-2000"]
[Site "Benidorm ESP"]
[Date "2016.12.06"]
[Round "6.7"]
[White "Calderon Alzate, Ivan Alejandro"]
[Black "Rincon Carrillo, Ricardo"]
[Result "1-0"]
[WhiteElo "1996"]
[BlackElo "1918"]
[PlyCount "142"]
[EventDate "2016.12.02"]
[EventType "swiss"]
[EventRounds "10"]
[EventCountry "ESP"]
[SourceTitle "Ajedrez en Madrid"]
[Source "lmi"]
[SourceDate "2016.12.02"]

1. d4 g6 2. Nf3 Bg7 3. Nc3 d6 4. Bf4 c6 5. Qd2 b5 6. e4 b4 7. Ne2 Nf6 8. Ng3 h5
9. Bd3 h4 10. Ne2 h3 11. gxh3 Bxh3 12. Ng5 Bc8 13. Qxb4 Nbd7 14. Qb3 O-O 15. e5
Rb8 16. Qa3 Nd5 17. e6 fxe6 18. Nxe6 Qe8 19. Nxf8 Nxf8 20. Be3 Nb4 21. Bc4+ Kh8
22. O-O-O Bf5 23. c3 Nc2 24. Qa5 Nxe3 25. fxe3 Bh6 26. Nf4 e5 27. dxe5 d5 28.
Bd3 Qxe5 29. Bxf5 Bxf4 30. Bc2 Bxe3+ 31. Kb1 Rb5 32. Qd8 Rb8 33. Qh4+ Kg7 34.
Rd3 c5 35. Qg3 Qxg3 36. hxg3 d4 37. Bb3 Nd7 38. cxd4 cxd4 39. Bc2 Nc5 40. Ra3
Rb7 41. Rd1 Bf2 42. Ra5 Ne6 43. Ra6 Re7 44. g4 g5 45. Rh1 Bh4 46. Bf5 Nf4 47.
Rd6 Ne2 48. Bd3 Ng3 49. Rc1 Ne4 50. Rxd4 Nf2 51. Bf5 Bg3 52. Rd7 Rxd7 53. Bxd7
Bf4 54. Re1 Nd3 55. Re8 Ne5 56. Bf5 Kf6 57. Kc2 Nc4 58. Re6+ Kf7 59. Ra6 Ne3+
60. Kd3 Nxf5 61. gxf5 Bb8 62. b4 g4 63. Ke4 g3 64. Kf3 Ke7 65. a4 Kf7 66. b5
Ke7 67. a5 Kf7 68. b6 axb6 69. axb6 Kf6 70. b7+ Kxf5 71. Ra1 Ke5 1-0

[Event "15. Torneo Aficionados Benidorm s-2000"]
[Site "Benidorm ESP"]
[Date "2016.12.06"]
[Round "6.8"]
[White "De Pablos Fernandez, Mariano"]
[Black "Gonzalez Cuervo, Eloy"]
[Result "0-1"]
[WhiteElo "1931"]
[BlackElo "1997"]
[PlyCount "120"]
[EventDate "2016.12.02"]
[EventType "swiss"]
[EventRounds "10"]
[EventCountry "ESP"]
[SourceTitle "Ajedrez en Madrid"]
[Source "lmi"]
[SourceDate "2016.12.02"]

1. d4 c6 2. Nf3 d6 3. e4 Bg4 4. Be2 Nd7 5. O-O e5 6. dxe5 dxe5 7. Ng5 Bxe2 8.
Qxe2 h6 9. Nh3 Bc5 10. Be3 g5 11. Nc3 Ngf6 12. Kh1 Qe7 13. a3 Bd4 14. Bxd4 exd4
15. Nb1 O-O-O 16. Nd2 Ne5 17. f3 g4 18. Nf4 Rhg8 19. Nd3 g3 20. h3 h5 21. Nxe5
Qxe5 22. b4 Nd5 23. Nc4 Qe6 24. f4 Nf6 25. e5 Ng4 26. f5 Qh6 27. Nd6+ Rxd6 28.
exd6 Qxd6 29. Rae1 Nf2+ 30. Rxf2 gxf2 31. Qxf2 Qd5 32. Re2 a6 33. Qf4 Rd8 34.
Re7 Rd7 35. Re5 Qd6 36. Re8+ Kc7 37. Qxd6+ Kxd6 38. Rh8 Kd5 39. Rxh5 Kc4 40. f6
b6 41. Re5 Kc3 42. Re2 Kb2 43. a4 Kc3 44. g4 Kxb4 45. g5 c5 46. h4 c4 47. Re7
Rd8 48. h5 d3 49. cxd3 cxd3 50. Re1 Rh8 51. h6 d2 52. Rb1+ Kc3 53. Kg2 Kc2 54.
Ra1 d1=Q 55. Rxd1 Kxd1 56. Kf3 b5 57. axb5 axb5 58. Kf4 b4 59. Kf5 b3 60. g6 b2
0-1

[Event "15. Torneo Aficionados Benidorm s-2000"]
[Site "Benidorm ESP"]
[Date "2016.12.07"]
[Round "7.1"]
[White "Perez Beltran, Salvador"]
[Black "Bendriss, Hatim"]
[Result "0-1"]
[WhiteElo "1969"]
[BlackElo "1997"]
[PlyCount "96"]
[EventDate "2016.12.02"]
[EventType "swiss"]
[EventRounds "10"]
[EventCountry "ESP"]
[SourceTitle "Ajedrez en Madrid"]
[Source "lmi"]
[SourceDate "2016.12.02"]

1. d4 d5 2. Nf3 c6 3. c4 Nf6 4. Nc3 e6 5. Bg5 Nbd7 6. e3 Bd6 7. Bd3 dxc4 8.
Bxc4 b5 9. Bd3 a6 10. e4 e5 11. dxe5 Bxe5 12. Nxe5 Nxe5 13. Bc2 Qxd1+ 14. Rxd1
Nfd7 15. O-O h6 16. Bc1 g5 17. Ne2 c5 18. f4 gxf4 19. Nxf4 Bb7 20. Nd5 O-O-O
21. Ne7+ Kb8 22. Nf5 h5 23. Nd6 f6 24. Bf4 Rdf8 25. Nxb5 axb5 26. Rxd7 Kc8 27.
Rdd1 h4 28. Bxe5 fxe5 29. Rd6 Rxf1+ 30. Kxf1 Rf8+ 31. Ke2 Rf4 32. Ke3 Rg4 33.
Rd2 Kc7 34. Rf2 Bc8 35. Rf7+ Kd6 36. Kf3 Rg8 37. Rf6+ Ke7 38. Rh6 Rf8+ 39. Ke2
Rf4 40. Rh7+ Kd6 41. Rh6+ Be6 42. Rg6 Ke7 43. b3 c4 44. g3 hxg3 45. hxg3 Rf7
46. Rg5 Kd6 47. Rg8 Ra7 48. Bb1 Bxg8 0-1

[Event "15. Torneo Aficionados Benidorm s-2000"]
[Site "Benidorm ESP"]
[Date "2016.12.07"]
[Round "7.2"]
[White "Bote Kobolo, Benjamin"]
[Black "Picazo Picazo, Pedro Jesus"]
[Result "1-0"]
[WhiteElo "1986"]
[BlackElo "1952"]
[PlyCount "85"]
[EventDate "2016.12.02"]
[EventType "swiss"]
[EventRounds "10"]
[EventCountry "ESP"]
[SourceTitle "Ajedrez en Madrid"]
[Source "lmi"]
[SourceDate "2016.12.02"]

1. e4 c5 2. Nc3 d6 3. Bc4 e6 4. Nf3 Nc6 5. a4 Nd4 6. d3 Be7 7. Nxd4 cxd4 8. Ne2
Bf6 9. O-O Ne7 10. Bb3 Nc6 11. f4 h5 12. Bd2 a5 13. Ng3 h4 14. Ne2 e5 15. h3
Bd7 16. Bc4 Qb6 17. Kh1 Rc8 18. c3 O-O 19. f5 dxc3 20. bxc3 Qd8 21. Rb1 Rb8 22.
Ng1 Ne7 23. Be3 d5 24. Bxd5 Nxd5 25. exd5 Qc8 26. Qg4 Qxc3 27. Rb6 e4 28. Rc1
Qxd3 29. Bc5 Rfc8 30. Rxf6 Rxc5 31. Rxc5 Qd4 32. Rd6 Bxf5 33. Qxf5 Qxc5 34. Rd7
Qf8 35. Qxe4 Qc5 36. Qf4 Rf8 37. d6 Qd5 38. Rc7 g5 39. Qf6 g4 40. hxg4 h3 41.
Nxh3 Qd1+ 42. Kh2 Qxg4 43. Ng1 1-0

[Event "15. Torneo Aficionados Benidorm s-2000"]
[Site "Benidorm ESP"]
[Date "2016.12.07"]
[Round "7.3"]
[White "Cebrian Flores, Juan Antonio"]
[Black "Altun, Arda"]
[Result "1-0"]
[WhiteElo "1993"]
[BlackElo "1800"]
[PlyCount "147"]
[EventDate "2016.12.02"]
[EventType "swiss"]
[EventRounds "10"]
[EventCountry "ESP"]
[SourceTitle "Ajedrez en Madrid"]
[Source "lmi"]
[SourceDate "2016.12.02"]

1. d4 Nf6 2. c4 e6 3. g3 d5 4. Nf3 Bb4+ 5. Bd2 Bxd2+ 6. Qxd2 Ne4 7. Qc2 c5 8.
cxd5 exd5 9. Bg2 Nc6 10. dxc5 Qa5+ 11. Nbd2 Qxc5 12. Qxc5 Nxc5 13. O-O O-O 14.
Rac1 Ne4 15. Nb3 Be6 16. Rfd1 Rac8 17. Nbd4 Rfe8 18. h3 h6 19. e3 Kf8 20. Nxc6
bxc6 21. Nd4 Bd7 22. b4 Nd6 23. Bf1 Rc7 24. Nb3 Be6 25. Na5 Rec8 26. Ba6 Rb8
27. a3 Rb6 28. Bf1 Nb7 29. Nb3 Nd6 30. Nd4 Ke8 31. g4 g6 32. Bd3 Bd7 33. f3 Kd8
34. Kf2 Nb5 35. Bxb5 cxb5 36. Rxc7 Kxc7 37. Nb3 Be6 38. Nc5 Rd6 39. Rd4 g5 40.
Kg3 Kc6 41. f4 f6 42. h4 Bf7 43. hxg5 hxg5 44. Rd2 a5 45. Nb3 axb4 46. axb4 Rd8
47. Rh2 Re8 48. Kf3 gxf4 49. exf4 Re4 50. Na5+ Kd6 51. Rh6 Rxb4 52. g5 Ra4 53.
Rxf6+ Ke7 54. Nc6+ Ke8 55. g6 Bxg6 56. Rxg6 Ra3+ 57. Kg4 Kf7 58. Kf5 Ra4 59.
Ne5+ Kf8 60. Rb6 Rb4 61. Rb7 Ra4 62. Rxb5 Ra7 63. Rxd5 Ra6 64. Rd7 Rb6 65. Rc7
Ra6 66. Rb7 Rd6 67. Rc7 Ra6 68. Rc6 Ra4 69. Ke6 Ra7 70. Nd7+ Kg7 71. f5 Kg8 72.
f6 Kh8 73. f7 Kh7 74. f8=Q 1-0

[Event "15. Torneo Aficionados Benidorm s-2000"]
[Site "Benidorm ESP"]
[Date "2016.12.07"]
[Round "7.4"]
[White "Gonzalez Cuervo, Eloy"]
[Black "Salazar de la Cruz, Jose Maria"]
[Result "1-0"]
[WhiteElo "1997"]
[BlackElo "1953"]
[PlyCount "99"]
[EventDate "2016.12.02"]
[EventType "swiss"]
[EventRounds "10"]
[EventCountry "ESP"]
[SourceTitle "Ajedrez en Madrid"]
[Source "lmi"]
[SourceDate "2016.12.02"]

1. e4 e6 2. d4 d5 3. Nc3 Nf6 4. Bg5 Bb4 5. e5 h6 6. exf6 hxg5 7. fxg7 Rg8 8. h4
gxh4 9. Qg4 Qf6 10. Rxh4 Rxg7 11. Qh3 Bd7 12. Rh8+ Bf8 13. O-O-O Qg5+ 14. Kb1
Rg8 15. f4 Qg7 16. Rxg8 Qxg8 17. f5 a6 18. Re1 Kd8 19. Qh4+ Kc8 20. Nf3 Nc6 21.
f6 Kb8 22. g4 Ka7 23. g5 Bd6 24. Bd3 Nb4 25. Bh7 Qh8 26. a3 Nc6 27. Rh1 Qf8 28.
g6 fxg6 29. Bxg6 Na5 30. Ne5 Bxa3 31. bxa3 Qxa3 32. Na2 Bb5 33. Rh3 Qa4 34. Qg3
Bf1 35. Rh1 Bc4 36. Nxc4 Nxc4 37. Qc3 a5 38. Ka1 Qc6 39. Bd3 b5 40. Bxc4 dxc4
41. Qxa5+ Kb7 42. Qxa8+ Kxa8 43. Rh8+ Kb7 44. f7 Qe4 45. f8=Q Qxd4+ 46. Kb1 c3
47. Qa8+ Kb6 48. Rb8+ Kc5 49. Qa7+ Kc4 50. Qxd4+ 1-0

[Event "15. Torneo Aficionados Benidorm s-2000"]
[Site "Benidorm ESP"]
[Date "2016.12.07"]
[Round "7.5"]
[White "Perez Garcia, Jose Miguel"]
[Black "Calderon Alzate, Ivan Alejandro"]
[Result "1-0"]
[WhiteElo "1928"]
[BlackElo "1996"]
[PlyCount "30"]
[EventDate "2016.12.02"]
[EventType "swiss"]
[EventRounds "10"]
[EventCountry "ESP"]
[SourceTitle "Ajedrez en Madrid"]
[Source "lmi"]
[SourceDate "2016.12.02"]

1. Nf3 Nf6 2. c4 g6 3. Nc3 Bg7 4. g3 O-O 5. Bg2 c5 6. O-O Nc6 7. d4 cxd4 8.
Nxd4 a6 9. b3 Qc7 10. Bb2 d6 11. Rc1 Nxd4 12. Qxd4 Nd7 13. Qxg7+ Kxg7 14. Nd5+
Kg8 15. Nf6+ Nxf6 1-0

[Event "15. Torneo Aficionados Benidorm s-2000"]
[Site "Benidorm ESP"]
[Date "2016.12.07"]
[Round "7.6"]
[White "Amoros Moran, Jose Joaquin"]
[Black "Kitir, Ahmet"]
[Result "0-1"]
[WhiteElo "1884"]
[BlackElo "1990"]
[PlyCount "62"]
[EventDate "2016.12.02"]
[EventType "swiss"]
[EventRounds "10"]
[EventCountry "ESP"]
[SourceTitle "Ajedrez en Madrid"]
[Source "lmi"]
[SourceDate "2016.12.02"]

1. e4 c5 2. Nf3 g6 3. Nc3 Bg7 4. Bc4 Nc6 5. O-O d6 6. Re1 e5 7. Nd5 Nf6 8. c3
O-O 9. h3 h6 10. a3 Nxd5 11. exd5 Na5 12. Bf1 c4 13. d3 Nb3 14. Rb1 Nxc1 15.
Rxc1 cxd3 16. Bxd3 f5 17. Bb1 g5 18. Nd2 e4 19. Nb3 Qf6 20. Nd4 g4 21. hxg4
fxg4 22. Qc2 Bd7 23. Rxe4 Rfe8 24. Ne6 h5 25. Rce1 Re7 26. R1e3 Bh6 27. Ng5 Bf5
28. Re6 Rxe6 29. Qxf5 Qxf5 30. Bxf5 Rxe3 31. Ne6 Re2 0-1

[Event "15. Torneo Aficionados Benidorm s-2000"]
[Site "Benidorm ESP"]
[Date "2016.12.07"]
[Round "7.7"]
[White "Miquel Juan, Marcelo"]
[Black "Amellal, Sofiane Anis"]
[Result "1-0"]
[WhiteElo "1977"]
[BlackElo "1926"]
[PlyCount "102"]
[EventDate "2016.12.02"]
[EventType "swiss"]
[EventRounds "10"]
[EventCountry "ESP"]
[SourceTitle "Ajedrez en Madrid"]
[Source "lmi"]
[SourceDate "2016.12.02"]

1. e4 c6 2. d4 d5 3. Nc3 dxe4 4. Nxe4 Nf6 5. Nxf6+ gxf6 6. Nf3 Bg4 7. Be2 Qc7
8. Be3 Nd7 9. Qd2 e6 10. Bf4 Bd6 11. Bxd6 Qxd6 12. O-O-O O-O-O 13. h3 Bh5 14.
Kb1 Kb8 15. Rhe1 Nb6 16. Qh6 Bg6 17. Qh4 Nd5 18. a3 Rhg8 19. g3 b5 20. Bd3 b4
21. Bxg6 hxg6 22. Rd3 f5 23. Qg5 f4 24. Qe5 bxa3 25. Rxa3 fxg3 26. fxg3 Rh8 27.
Ng5 f6 28. Qxd6+ Rxd6 29. Nf7 Rhd8 30. Nxd8 Rxd8 31. Rxe6 g5 32. Rxc6 Nb4 33.
Rc4 Nd5 34. Rc5 Nb6 35. Rd3 Kb7 36. Rf5 Rd6 37. b3 Nd5 38. c4 Ne7 39. Rf2 f5
40. d5 Kb6 41. b4 Rd7 42. Kb2 a5 43. bxa5+ Kc5 44. Kc3 Nc8 45. d6 f4 46. gxf4
Nxd6 47. Rxd6 Rxd6 48. fxg5 Rd1 49. Rg2 Rc1+ 50. Kb2 Rxc4 51. Rc2 Kd5 1-0

[Event "15. Torneo Aficionados Benidorm s-2000"]
[Site "Benidorm ESP"]
[Date "2016.12.07"]
[Round "7.8"]
[White "Gonzalvez Tamarit, Ruben"]
[Black "Zhou, Lulu"]
[Result "1-0"]
[WhiteElo "1971"]
[BlackElo "1849"]
[PlyCount "85"]
[EventDate "2016.12.02"]
[EventType "swiss"]
[EventRounds "10"]
[EventCountry "ESP"]
[SourceTitle "Ajedrez en Madrid"]
[Source "lmi"]
[SourceDate "2016.12.02"]

1. e4 e5 2. Nf3 Nc6 3. Bb5 a6 4. Ba4 Nf6 5. O-O Be7 6. d3 b5 7. Bb3 d6 8. a3
O-O 9. Nc3 Bg4 10. Be3 Qd7 11. Nd5 Nxd5 12. Bxd5 Be6 13. c4 bxc4 14. dxc4 f5
15. Bg5 Bxd5 16. Qxd5+ Kh8 17. Rfe1 f4 18. b4 Bxg5 19. Nxg5 Nd4 20. Nf3 c6 21.
Nxe5 Qe7 22. Qxd4 dxe5 23. Qc5 Qg5 24. f3 Rf6 25. Rad1 Rg6 26. Re2 Rd8 27. Rdd2
h5 28. Qf2 Qe7 29. c5 Re6 30. Qe1 Rxd2 31. Rxd2 a5 32. Qd1 axb4 33. axb4 Qb7
34. Rd6 Rxd6 35. cxd6 Qxb4 36. d7 Qb6+ 37. Kh1 Qd8 38. g3 fxg3 39. hxg3 Kg8 40.
Qd6 Kf7 41. Qxc6 Qa5 42. Qc8 Kg6 43. d8=Q 1-0

[Event "15. Torneo Aficionados Benidorm s-2000"]
[Site "Benidorm ESP"]
[Date "2016.12.08"]
[Round "8.1"]
[White "Bendriss, Hatim"]
[Black "Bote Kobolo, Benjamin"]
[Result "1-0"]
[WhiteElo "1997"]
[BlackElo "1986"]
[PlyCount "98"]
[EventDate "2016.12.02"]
[EventType "swiss"]
[EventRounds "10"]
[EventCountry "ESP"]
[SourceTitle "Ajedrez en Madrid"]
[Source "lmi"]
[SourceDate "2016.12.02"]

1. e4 Nc6 2. Nf3 d6 3. d4 Nf6 4. Nc3 Bg4 5. Be3 a6 6. a4 e5 7. Be2 Be7 8. d5
Nb8 9. h3 Bh5 10. Nd2 Bg6 11. O-O Nbd7 12. b4 a5 13. bxa5 Rxa5 14. Qb1 b6 15.
Bd3 O-O 16. Qb4 Nc5 17. Bb5 Nh5 18. g4 Nf4 19. Kh2 h5 20. Rh1 Kh7 21. Rag1 Rh8
22. Bxf4 exf4 23. Nf3 Kg8 24. Kg2 Bf6 25. Nd4 Be5 26. f3 Qf6 27. Nce2 Nxe4 28.
fxe4 Bxe4+ 29. Nf3 Bxd5 30. Kf2 c5 31. Qd2 Bb7 32. g5 Qf5 33. Bd3 Be4 34. g6
Bxd3 35. Rg5 Qe6 36. Qxd3 f6 37. Rgg1 Rh6 38. Re1 c4 39. Qd1 Qf5 40. Nxe5 fxe5
41. Nd4 Qxg6 42. Rhg1 Qf6 43. Nb5 Rxa4 44. Qd5+ Kh8 45. Ra1 Qh4+ 46. Ke2 f3+
47. Qxf3 Rxa1 48. Qf6 Rxf6 49. Rxa1 Rh6 1-0

[Event "15. Torneo Aficionados Benidorm s-2000"]
[Site "Benidorm ESP"]
[Date "2016.12.08"]
[Round "8.2"]
[White "Gonzalvez Tamarit, Ruben"]
[Black "Gonzalez Cuervo, Eloy"]
[Result "0-1"]
[WhiteElo "1971"]
[BlackElo "1997"]
[PlyCount "76"]
[EventDate "2016.12.02"]
[EventType "swiss"]
[EventRounds "10"]
[EventCountry "ESP"]
[SourceTitle "Ajedrez en Madrid"]
[Source "lmi"]
[SourceDate "2016.12.02"]

1. e4 g6 2. d4 Bg7 3. Nf3 c6 4. c3 d5 5. exd5 cxd5 6. Bf4 Bg4 7. h3 Bxf3 8.
Qxf3 Nc6 9. Bd3 e6 10. O-O Nge7 11. Re1 a6 12. Nd2 b5 13. b4 O-O 14. Nb3 Qc8
15. Nc5 Nd8 16. a4 bxa4 17. Rxa4 a5 18. Rea1 f6 19. Qe2 Re8 20. Ba6 Rxa6 21.
Qxa6 e5 22. dxe5 Qf5 23. exf6 Bxf6 24. Bd2 d4 25. cxd4 Bxd4 26. Rf1 axb4 27.
Nb3 Be5 28. Qc4+ Nf7 29. Bxb4 Nd5 30. Bc5 Nf4 31. Ra7 Re6 32. Nd4 Qe4 33. f3
Ne2+ 34. Nxe2 Qxc4 35. Ra8+ Kg7 36. Bf8+ Kf6 37. f4 Bc7 38. Ng3 Re3 0-1

[Event "15. Torneo Aficionados Benidorm s-2000"]
[Site "Benidorm ESP"]
[Date "2016.12.08"]
[Round "8.3"]
[White "Cebrian Flores, Juan Antonio"]
[Black "Blondel, Jerome"]
[Result "1/2-1/2"]
[WhiteElo "1993"]
[BlackElo "1963"]
[PlyCount "128"]
[EventDate "2016.12.02"]
[EventType "swiss"]
[EventRounds "10"]
[EventCountry "ESP"]
[SourceTitle "Ajedrez en Madrid"]
[Source "lmi"]
[SourceDate "2016.12.02"]

1. e4 e5 2. Nf3 Nc6 3. d4 exd4 4. Bc4 Nf6 5. e5 d5 6. Bb5 Ne4 7. Nxd4 Bc5 8.
Be3 Bd7 9. Bxc6 bxc6 10. Nd2 Qe7 11. Nxe4 dxe4 12. e6 fxe6 13. Qh5+ g6 14. Qe5
O-O 15. Nxc6 Bxc6 16. Bxc5 Qf6 17. Qxf6 Rxf6 18. O-O-O Rf5 19. Be3 Rd5 20. Rd4
Rxd4 21. Bxd4 a5 22. Re1 a4 23. Re3 Bd5 24. b3 axb3 25. axb3 Rf8 26. Rc3 Rf7
27. Rc5 Kf8 28. Kd1 Rd7 29. b4 e3 30. Bxe3 Bxg2+ 31. Ke2 c6 32. Bh6+ Ke8 33.
Ra5 Be4 34. Ra8+ Rd8 35. Rxd8+ Kxd8 36. c4 Kd7 37. Ke3 Bg2 38. Kd4 Bf1 39. Kc5
e5 40. Bg7 e4 41. Be5 g5 42. b5 cxb5 43. cxb5 Kc8 44. b6 h5 45. Kc6 Ba6 46. Kd5
Bb7+ 47. Ke6 g4 48. Bg3 Bc6 49. Bc7 Bb7 50. Ke7 Bc6 51. Kf7 Bd7 52. Kf6 Be8 53.
Ke6 Bc6 54. Bf4 Kb7 55. Be3 Kc8 56. Bd4 Bb7 57. Kd6 Ba8 58. Ke6 Bc6 59. Be5 Bb7
60. Bc7 Bc6 61. Ke7 Bb7 62. Kf6 Bc6 63. Kf7 Bd7 64. Ke7 Bc6 1/2-1/2

[Event "15. Torneo Aficionados Benidorm s-2000"]
[Site "Benidorm ESP"]
[Date "2016.12.08"]
[Round "8.4"]
[White "Kitir, Ahmet"]
[Black "Perez Beltran, Salvador"]
[Result "1-0"]
[WhiteElo "1990"]
[BlackElo "1969"]
[PlyCount "69"]
[EventDate "2016.12.02"]
[EventType "swiss"]
[EventRounds "10"]
[EventCountry "ESP"]
[SourceTitle "Ajedrez en Madrid"]
[Source "lmi"]
[SourceDate "2016.12.02"]

1. e4 c5 2. Nf3 e6 3. b3 b6 4. Bd3 Bb7 5. O-O Nf6 6. e5 Nd5 7. Be4 Ne3 8. Bxb7
Nxd1 9. Bxa8 f5 10. Rxd1 g5 11. c3 g4 12. Ne1 Qc7 13. d4 d5 14. exd6 Bxd6 15.
g3 O-O 16. Na3 Qg7 17. Nb5 Be7 18. Bf4 a6 19. Nc7 Qg6 20. dxc5 bxc5 21. Nxe6
Re8 22. Bd5 Kh8 23. Nd3 Nd7 24. Be5+ Bf6 25. Ndf4 Qh6 26. Bxf6+ Nxf6 27. Bc6
Rg8 28. Rd6 Nh5 29. Rad1 Nxf4 30. Nxf4 Qg7 31. R1d3 Qe5 32. Re6 Qg7 33. Rd7
Qxc3 34. Ree7 Qa1+ 35. Kg2 1-0

[Event "15. Torneo Aficionados Benidorm s-2000"]
[Site "Benidorm ESP"]
[Date "2016.12.08"]
[Round "8.5"]
[White "Cebolla Moll, Ricardo"]
[Black "Miquel Juan, Marcelo"]
[Result "1-0"]
[WhiteElo "1962"]
[BlackElo "1977"]
[PlyCount "131"]
[EventDate "2016.12.02"]
[EventType "swiss"]
[EventRounds "10"]
[EventCountry "ESP"]
[SourceTitle "Ajedrez en Madrid"]
[Source "lmi"]
[SourceDate "2016.12.02"]

1. f4 d5 2. Nf3 g6 3. e3 Bg7 4. Be2 Nf6 5. O-O O-O 6. d3 c5 7. h3 Nc6 8. Qe1
Qc7 9. c3 Rb8 10. g4 e5 11. fxe5 Nxe5 12. Nxe5 Qxe5 13. e4 g5 14. Bf3 dxe4 15.
Nd2 Rd8 16. Nxe4 Nxe4 17. Bxe4 Rf8 18. Qf2 h6 19. Bd2 Be6 20. Rae1 Qd6 21. a3
b6 22. Qg2 Qd7 23. Be3 f5 24. gxf5 Bxf5 25. Rf3 Bxe4 26. dxe4 Rxf3 27. Qxf3 Rf8
28. Qg4 Qxg4+ 29. hxg4 Rd8 30. Kf2 Kf7 31. Ke2 Re8 32. Kf3 Be5 33. Rh1 Kg6 34.
Rd1 Re7 35. Rd8 h5 36. Rg8+ Rg7 37. gxh5+ Kxh5 38. Rh8+ Kg6 39. Re8 Rf7+ 40.
Kg4 Bf4 41. Re6+ Kg7 42. Bxf4 gxf4 43. Kf3 Kf8 44. Re5 Rd7 45. Rd5 Rh7 46. Rd8+
Ke7 47. Ra8 Kd6 48. Kxf4 Rh4+ 49. Ke3 a5 50. Kd3 Rh2 51. b4 axb4 52. axb4 cxb4
53. cxb4 Rh1 54. Kc4 Kc6 55. Rc8+ Kb7 56. Re8 Kc6 57. Re6+ Kc7 58. Kb5 Rh5+ 59.
Ka6 b5 60. e5 Kd7 61. Rd6+ Ke7 62. Rd5 Ke6 63. Rxb5 Kd7 64. Rb6 Kc8 65. Rd6 Kc7
66. Rd5 1-0

[Event "15. Torneo Aficionados Benidorm s-2000"]
[Site "Benidorm ESP"]
[Date "2016.12.08"]
[Round "8.6"]
[White "Lozano Osorio, Isaac"]
[Black "Perez Garcia, Jose Miguel"]
[Result "1/2-1/2"]
[WhiteElo "1999"]
[BlackElo "1928"]
[PlyCount "49"]
[EventDate "2016.12.02"]
[EventType "swiss"]
[EventRounds "10"]
[EventCountry "ESP"]
[SourceTitle "Ajedrez en Madrid"]
[Source "lmi"]
[SourceDate "2016.12.02"]

1. d4 c6 2. e4 d5 3. exd5 cxd5 4. c4 Nf6 5. Nc3 Nc6 6. Nf3 Bg4 7. cxd5 Nxd5 8.
Qb3 Bxf3 9. gxf3 e6 10. Qxb7 Nxd4 11. Bb5+ Nxb5 12. Qc6+ Ke7 13. Qxb5 Nxc3 14.
bxc3 Rb8 15. Qc5+ Ke8 16. Qxa7 Bd6 17. Bf4 Bxf4 18. Qa4+ Ke7 19. Qxf4 Qa5 20.
O-O g5 21. Qe4 h5 22. a4 g4 23. Kg2 gxf3+ 24. Qxf3 Qd8 25. Rh1 1/2-1/2

[Event "15. Torneo Aficionados Benidorm s-2000"]
[Site "Benidorm ESP"]
[Date "2016.12.08"]
[Round "8.7"]
[White "Wlogalski, Olivier"]
[Black "Raghav, Srivathsav V"]
[Result "0-1"]
[WhiteElo "1892"]
[BlackElo "1993"]
[PlyCount "60"]
[EventDate "2016.12.02"]
[EventType "swiss"]
[EventRounds "10"]
[EventCountry "ESP"]
[SourceTitle "Ajedrez en Madrid"]
[Source "lmi"]
[SourceDate "2016.12.02"]

1. d4 d6 2. c4 Nd7 3. Nc3 e5 4. Nf3 Ngf6 5. Bg5 Be7 6. e3 O-O 7. Qc2 c6 8. Bd3
h6 9. Bxf6 Bxf6 10. O-O-O exd4 11. exd4 Nb6 12. h3 Be6 13. Ne4 Be7 14. Ng3 d5
15. Ne5 dxc4 16. Bh7+ Kh8 17. Rhe1 Nd5 18. Bf5 Nb4 19. Qe4 Bd5 20. Qg4 Nxa2+
21. Kb1 c3 22. Nh5 g5 23. Re2 cxb2 24. Bc2 Qa5 25. Bd3 Nc3+ 26. Kc2 Nxd1 27.
Ng6+ fxg6 28. Rxe7 Bb3+ 29. Kxb3 Qc3+ 30. Ka4 b5+ 0-1

[Event "15. Torneo Aficionados Benidorm s-2000"]
[Site "Benidorm ESP"]
[Date "2016.12.08"]
[Round "8.8"]
[White "Altun, Arda"]
[Black "Alnami Salaheddin"]
[Result "0-1"]
[WhiteElo "1800"]
[BlackElo "1954"]
[PlyCount "94"]
[EventDate "2016.12.02"]
[EventType "swiss"]
[EventRounds "10"]
[EventCountry "ESP"]
[SourceTitle "Ajedrez en Madrid"]
[Source "lmi"]
[SourceDate "2016.12.02"]

1. e4 d5 2. exd5 Qxd5 3. Nc3 Qd6 4. d4 a6 5. Nf3 Nf6 6. Be3 b5 7. Bd3 Bb7 8.
Qd2 e6 9. O-O-O Nbd7 10. Bf4 Qb6 11. Rhe1 Bb4 12. Kb1 Qa5 13. a3 Bxc3 14. Qxc3
Qxc3 15. bxc3 Nd5 16. Bd2 N7b6 17. Ka1 Rc8 18. Ne5 c5 19. Rb1 O-O 20. c4 bxc4
21. Bxc4 Nxc4 22. Nxc4 cxd4 23. Bb4 Nxb4 24. Rxb4 Bd5 25. Nb6 Rxc2 26. Nxd5
exd5 27. Rb2 Rc3 28. Ka2 h6 29. Rd1 d3 30. Rdd2 Rfc8 31. Kb1 d4 32. Ka2 a5 33.
f4 Kf8 34. g4 Ke7 35. h4 Kd6 36. g5 Kd5 37. f5 hxg5 38. hxg5 Ke4 39. f6 gxf6
40. gxf6 Rc2 41. Kb1 Ke3 42. Rbxc2 Rxc2 43. Rd1 Rf2 44. Re1+ Re2 45. Rh1 d2 46.
Kc2 d3+ 47. Kd1 Re1+ 0-1

[Event "15. Torneo Aficionados Benidorm s-2000"]
[Site "Benidorm ESP"]
[Date "2016.12.09"]
[Round "9.1"]
[White "Gonzalez Cuervo, Eloy"]
[Black "Bendriss, Hatim"]
[Result "1-0"]
[WhiteElo "1997"]
[BlackElo "1997"]
[PlyCount "95"]
[EventDate "2016.12.02"]
[EventType "swiss"]
[EventRounds "10"]
[EventCountry "ESP"]
[SourceTitle "Ajedrez en Madrid"]
[Source "lmi"]
[SourceDate "2016.12.02"]

1. e4 c6 2. d4 d5 3. Nc3 dxe4 4. Nxe4 Nf6 5. Nxf6+ exf6 6. Nf3 Bd6 7. Bc4 O-O
8. Be3 Re8 9. O-O Nd7 10. Bb3 Nf8 11. c4 Bg4 12. c5 Bc7 13. d5 Be5 14. dxc6 Qc7
15. Bxf7+ Qxf7 16. Nxe5 fxe5 17. Qxg4 bxc6 18. Rfd1 Re6 19. Qa4 Qe7 20. Rac1
Ng6 21. Rd6 Rc8 22. Rcd1 Rc7 23. g3 h6 24. Qg4 Kf7 25. h4 Nf8 26. h5 Rd7 27.
Qf3+ Rf6 28. Qxc6 Rfxd6 29. Rxd6 Rxd6 30. cxd6 Qd7 31. Qxd7+ Nxd7 32. Bxa7 Ke6
33. b4 Kxd6 34. b5 Kd5 35. a4 Kc4 36. b6 Nc5 37. Bb8 Kd5 38. a5 Nd7 39. Bc7 Kc6
40. Kg2 e4 41. f3 exf3+ 42. Kxf3 Kb7 43. Kf4 Nf6 44. g4 Nd5+ 45. Kf5 Ne3+ 46.
Kg6 Nxg4 47. Kxg7 Ka6 48. Bf4 1-0